[Event "Titled Tuesday intern op 5th May"]
[Site "Chess.com INT"]
[Date "2020.05.05"]
[Round "2"]
[White "Terry, Renato"]
[Black "Donker, Roel"]
[Result "1-0"]
[WhiteElo "2504"]
[BlackElo "2254"]
[PlyCount "27"]
[EventDate "2020.05.05"]
[EventType "swiss (blitz)"]
[EventRounds "10"]
[EventCountry "USA"]
[SourceTitle "EXT 2021"]
[Source "ChessBase"]
[SourceDate "2020.10.23"]
[SourceVersion "1"]
[SourceVersionDate "2020.10.23"]
[SourceQuality "1"]

1. e4 c5 2. Nf3 d6 3. Bb5+ Bd7 4. Bxd7+ Qxd7 5. 0-0 Nc6 6. c3 Nf6 7. d4 cxd4 8. cxd4 d5 9. e5 Ne4 10. Ne1 f6 11. Nd3 e6 12. Be3 Qf7 13. f3 Ng5 14. h4 1-0

[Event "Utrecht OKU op 44th"]
[Site "Utrecht"]
[Date "2017.06.10"]
[Round "3"]
[White "Donker, Roel"]
[Black "Peng, Zhaoqin"]
[Result "0-1"]
[WhiteElo "2211"]
[BlackElo "2386"]
[PlyCount "110"]
[EventDate "2017.06.09"]
[EventType "swiss"]
[EventRounds "6"]
[EventCountry "NED"]
[SourceTitle "CBM 178 Extra"]
[Source "ChessBase"]
[SourceDate "2017.06.22"]
[SourceVersion "1"]
[SourceVersionDate "2017.06.22"]
[SourceQuality "1"]

1. d4 Nf6 2. Nf3 e6 3. c4 Bb4+ 4. Bd2 a5 5. Nc3 0-0 6. Qc2 d5 7. e3 b6 8. cxd5 exd5 9. Ne5 c5 10. Bb5 Ba6 11. Bxa6 Nxa6 12. a3 Bxc3 13. Bxc3 Qc7 14. dxc5 bxc5 15. Qf5 Rad8 16. 0-0 d4 17. exd4 cxd4 18. Bd2 Rd5 19. Rfe1 Re8 20. Bf4 Nc5 21. Ng4 Rxe1+ 22. Rxe1 Rxf5 23. Nxf6+ gxf6 24. Bxc7 Nb3 25. g4 Rd5 26. Bf4 Kg7 27. Kg2 a4 28. Kf3 Rd8 29. h4 h6 30. h5 Rd5 31. Ke4 Rd7 32. Kd3 Nc5+ 33. Kc4 Ne6 34. Bd2 Rc7+ 35. Kb4 Rc2 36. Rd1 Rxb2+ 37. Kc4 Rc2+ 38. Kb4 Rb2+ 39. Kc4 Ra2 40. Kb4 Rb2+ 41. Kc4 Rb3 42. f4 Rxa3 43. f5 Ng5 44. Bxg5 fxg5 45. Rxd4 Rf3 46. Kd5 Rf4 47. Rd1 Rxg4 48. Ke5 Rf4 49. Rd6 Kf8 50. Rxh6 Kg7 51. Ra6 Rb4 52. h6+ Kh7 53. Kf6 g4 54. Kxf7 g3 55. Rg6 Rb3 0-1

[Event "Oberliga Nord W 1213"]
[Site "Germany"]
[Date "2013.02.03"]
[Round "6.4"]
[White "Donker, Roel"]
[Black "Mossakowski, Florian"]
[Result "0-1"]
[WhiteElo "2228"]
[BlackElo "2320"]
[PlyCount "62"]
[EventDate "2012.10.14"]
[EventType "team-tourn"]
[EventRounds "9"]
[EventCountry "GER"]
[SourceTitle "EXT 2014"]
[Source "ChessBase"]
[SourceDate "2013.11.20"]
[SourceVersion "1"]
[SourceVersionDate "2013.11.20"]
[SourceQuality "1"]
[WhiteTeam "Esens"]
[BlackTeam "Delmenhorst"]
[WhiteTeamCountry "GER"]
[BlackTeamCountry "GER"]

1. d4 Nf6 2. c4 e6 3. Nc3 Bb4 4. e3 c5 5. Bd3 Nc6 6. Nf3 Bxc3+ 7. bxc3 d6 8. 0-0 e5 9. Nd2 0-0 10. Rb1 b6 11. h3 Re8 12. Qc2 h6 13. f4 exd4 14. exd4 cxd4 15. Bb2 d5 16. Rbd1 Bb7 17. Nf3 Rc8 18. Qa4 Qd6 19. Bf5 Rcd8 20. Nxd4 Nxd4 21. Rxd4 Qe7 22. Bc1 dxc4 23. Qxa7 Rxd4 24. cxd4 Ra8 25. Qxb6 Rxa2 26. d5 Nxd5 27. Qd4 Ne3 28. Bxe3 Rxg2+ 29. Kh1 Rd2+ 30. Kg1 Rxd4 31. Bxd4 Qe2 0-1

[Event "Hoogeveen Unive op 16th"]
[Site "Hoogeveen"]
[Date "2012.10.26"]
[Round "8"]
[White "Donker, Roel"]
[Black "Afek, Yochanan"]
[Result "0-1"]
[WhiteElo "2228"]
[BlackElo "2312"]
[PlyCount "58"]
[EventDate "2012.10.19"]
[EventType "swiss"]
[EventRounds "9"]
[EventCountry "NED"]
[SourceTitle "EXT 2013"]
[Source "ChessBase"]
[SourceDate "2012.11.22"]
[SourceVersion "1"]
[SourceVersionDate "2012.11.22"]
[SourceQuality "1"]

1. d4 Nf6 2. c4 c5 3. d5 b5 4. cxb5 a6 5. bxa6 g6 6. Nc3 Bxa6 7. g3 d6 8. Bg2 Bg7 9. Nf3 0-0 10. 0-0 Nbd7 11. Qc2 Qa5 12. Rd1 Rfb8 13. Bd2 Qc7 14. b3 Qb7 15. Rab1 Ra7 16. e4 Ng4 17. h3 Nge5 18. Ne1 Nb6 19. f4 Ned7 20. Be3 Na8 21. a3 Qc7 22. a4 Rab7 23. Na2 Nab6 24. Rdc1 Nxa4 25. bxa4 Rb2 26. Rxb2 Rxb2 27. Qd1 Be2 28. Qc2 Rxc2 29. Rxc2 Bd1 0-1

[Event "Hoogeveen Unive op 16th"]
[Site "Hoogeveen"]
[Date "2012.10.25"]
[Round "7"]
[White "Bosboom, Manuel"]
[Black "Donker, Roel"]
[Result "1-0"]
[WhiteElo "2402"]
[BlackElo "2228"]
[PlyCount "53"]
[EventDate "2012.10.19"]
[EventType "swiss"]
[EventRounds "9"]
[EventCountry "NED"]
[SourceTitle "EXT 2013"]
[Source "ChessBase"]
[SourceDate "2012.11.22"]
[SourceVersion "1"]
[SourceVersionDate "2012.11.22"]
[SourceQuality "1"]

1. c4 e5 2. b3 Nc6 3. Bb2 f5 4. g3 Nf6 5. Bg2 Bc5 6. e3 d6 7. a3 f4 8. b4 fxe3 9. dxe3 Bb6 10. Qc2 0-0 11. h3 Ne7 12. Nd2 Bf5 13. Qc3 c6 14. Ne2 Qe8 15. g4 Be6 16. Ng3 a5 17. Rd1 axb4 18. axb4 Ng6 19. g5 Nh4 20. gxf6 Nxg2+ 21. Kf1 Bxe3 22. fxe3 Qg6 23. Kxg2 h5 24. Nde4 Bf5 25. Nxd6 Bc2 26. c5 h4 27. Qc4+ 1-0

[Event "Hoogeveen Unive op 16th"]
[Site "Hoogeveen"]
[Date "2012.10.24"]
[Round "6"]
[White "Hopman, Pieter"]
[Black "Donker, Roel"]
[Result "0-1"]
[WhiteElo "2344"]
[BlackElo "2228"]
[PlyCount "80"]
[EventDate "2012.10.19"]
[EventType "swiss"]
[EventRounds "9"]
[EventCountry "NED"]
[SourceTitle "EXT 2013"]
[Source "ChessBase"]
[SourceDate "2012.11.22"]
[SourceVersion "1"]
[SourceVersionDate "2012.11.22"]
[SourceQuality "1"]

1. d4 Nf6 2. c4 e6 3. Nf3 Bb4+ 4. Nbd2 b6 5. g3 Bb7 6. Bg2 0-0 7. 0-0 h6 8. a3 Bxd2 9. Qxd2 Be4 10. Rd1 d6 11. b4 Nbd7 12. Bb2 a6 13. Rac1 b5 14. c5 Nd5 15. Ne1 Bxg2 16. Nxg2 f5 17. Re1 f4 18. Rcd1 a5 19. e4 fxe3 20. fxe3 axb4 21. axb4 Ra4 22. e4 Nxb4 23. Nf4 Qe8 24. cxd6 cxd6 25. Ra1 Rxa1 26. Bxa1 Nc6 27. Qa2 Kh8 28. Qa6 e5 29. Qxc6 exf4 30. Qxd6 f3 31. Kf1 Qh5 32. h4 Qg4 33. Kf2 Qh3 34. d5 Kh7 35. h5 Rf7 36. Ke3 f2 37. Qg6+ Kg8 38. Rc1 f1Q 39. Rc8+ Nf8 40. Rxf8+ Kxf8 0-1

[Event "NED-chT 1011"]
[Site "Netherlands"]
[Date "2011.04.09"]
[Round "8.9"]
[White "Donker, Roel"]
[Black "Wagenaar, Ron"]
[Result "1/2-1/2"]
[WhiteElo "2208"]
[BlackElo "2187"]
[PlyCount "119"]
[EventDate "2010.09.25"]
[EventType "team"]
[EventRounds "9"]
[EventCountry "NED"]
[SourceTitle "EXT 2012"]
[Source "ChessBase"]
[SourceDate "2011.11.24"]
[SourceVersion "1"]
[SourceVersionDate "2011.11.24"]
[SourceQuality "1"]
[WhiteTeam "Groningen"]
[BlackTeam "Enschede Braceland"]
[WhiteTeamCountry "NED"]
[BlackTeamCountry "NED"]

1. d4 g6 2. Nf3 Bg7 3. c4 c5 4. Nc3 cxd4 5. Nxd4 Nc6 6. Nc2 d6 7. e4 Bxc3+ 8. bxc3 Qa5 9. Qd3 Nf6 10. Nb4 Nxb4 11. cxb4 Qxb4+ 12. Bd2 Qc5 13. Be3 Qa5+ 14. Bd2 Qa4 15. Be2 Be6 16. Rb1 Rc8 17. Rxb7 Qa6 18. Rb4 0-0 19. 0-0 Rc5 20. Be3 Ra5 21. f4 Nd7 22. Qd4 f6 23. Rfb1 Rxa2 24. Bf1 Qc6 25. h4 Nc5 26. e5 fxe5 27. Qd1 exf4 28. Bd4 Bf5 29. R1b2 Rxb2 30. Bxb2 Nd3 31. Rb5 Nxb2 32. Rxb2 Qc5+ 33. Kh2 Qa3 34. Rb3 Qc5 35. Rb5 Qe3 36. Rb3 Qe5 37. Rb5 Qf6 38. Qe1 e5 39. Rb7 Rf7 40. Rb8+ Kg7 41. Qf2 Be4 42. c5 dxc5 43. Bc4 Rf8 44. Rb5 Rc8 45. Qe1 Ba8 46. Ra5 Rc7 47. Ra6 Qf5 48. Qa5 Qd7 49. Be6 Qe7 50. Qe1 Kh6 51. g4 fxg3+ 52. Qxg3 Qf6 53. Bd5 Bc6 54. Bxc6 Rxc6 55. Qe3+ Kg7 56. Rxa7+ Kg8 57. Qb3+ Re6 58. Qb8+ Qf8 59. Qc7 Qf2+ 60. Kh3 1/2-1/2

[Event "NED-chT 1011"]
[Site "Netherlands"]
[Date "2010.12.11"]
[Round "4.5"]
[White "Donker, Roel"]
[Black "Akrawi, Samir"]
[Result "1/2-1/2"]
[WhiteElo "2208"]
[BlackElo "2232"]
[PlyCount "121"]
[EventDate "2010.09.25"]
[EventType "team"]
[EventRounds "9"]
[EventCountry "NED"]
[SourceTitle "EXT 2012"]
[Source "ChessBase"]
[SourceDate "2011.11.24"]
[SourceVersion "1"]
[SourceVersionDate "2011.11.24"]
[SourceQuality "1"]
[WhiteTeam "Groningen"]
[BlackTeam "Rotterdam"]
[WhiteTeamCountry "NED"]
[BlackTeamCountry "NED"]

1. d4 d5 2. c4 dxc4 3. e4 e5 4. Nf3 exd4 5. Bxc4 Nc6 6. 0-0 Be6 7. Bb5 Bc5 8. Qc2 Qd6 9. Bf4 Qxf4 10. Qxc5 Nge7 11. Nxd4 0-0 12. Bxc6 Nxc6 13. Nxc6 bxc6 14. Nc3 Qd6 15. Na4 Rab8 16. b3 Rb5 17. Qxa7 Rh5 18. f4 Bg4 19. Qe3 Rd8 20. h3 Bc8 21. Qf3 Qh6 22. Rad1 Re8 23. Rf2 Rh4 24. f5 Qg5 25. Rfd2 h6 26. Rd4 Kh7 27. Nc5 Rf4 28. Qd3 Qe7 29. b4 g6 30. fxg6+ fxg6 31. Rd8 Rff8 32. Rxe8 Rxe8 33. a4 Rf8 34. Rf1 Rxf1+ 35. Qxf1 Be6 36. a5 Qd6 37. a6 Qd4+ 38. Kh1 Bc4 39. Qf8 Qa1+ 40. Kh2 Qe5+ 41. Kg1 Qa1+ 42. Kh2 Qe5+ 43. g3 Qb2+ 44. Kg1 h5 45. g4 hxg4 46. hxg4 Qxb4 47. a7 Qb1+ 48. Kg2 Qa2+ 49. Kf3 Qa3+ 50. Kf4 Qc1+ 51. Kg3 Qe3+ 52. Kh4 Qe1+ 53. Kg5 Qe3+ 54. Kf6 Qf2+ 55. Ke7 Qxc5+ 56. Ke8 Qxa7 57. Qe7+ Kh8 58. Qf6+ Kh7 59. Qe7+ Kh6 60. Qh4+ Kg7 61. Qe7+ 1/2-1/2

[Event "Hengelo U20 op"]
[Site "Hengelo"]
[Date "2005.08.10"]
[Round "4"]
[White "Donker, Roel"]
[Black "Pandelaar, Vincent"]
[Result "1/2-1/2"]
[WhiteElo "1941"]
[BlackElo "1847"]
[PlyCount "91"]
[EventDate "2005.08.??"]
[EventType "swiss"]
[EventRounds "9"]
[EventCountry "NED"]
[SourceTitle "CBM 107 Extra"]
[Source "ChessBase"]
[SourceDate "2005.09.01"]
[SourceVersion "1"]
[SourceVersionDate "2005.09.01"]
[SourceQuality "1"]

1. d4 d5 2. c4 e6 3. Nc3 f5 4. Bf4 c6 5. e3 Bd6 6. Bxd6 Qxd6 7. cxd5 exd5 8. Bd3 Nf6 9. Qc2 0-0 10. Nf3 Ne4 11. 0-0 Be6 12. Rab1 a5 13. a3 Na6 14. Bxa6 Rxa6 15. Ne5 f4 16. f3 Nxc3 17. Qxc3 fxe3 18. Qxe3 Bf5 19. Rbe1 Rb6 20. Rf2 a4 21. Rfe2 Rb3 22. Qd2 Qc7 23. Re3 Rxe3 24. Rxe3 Qb6 25. Qb4 Qxb4 26. axb4 Bc2 27. g3 Bb3 28. Nd7 Ra8 29. Nc5 b6 30. Nxb3 axb3 31. Rxb3 Ra1+ 32. Kf2 b5 33. h4 Rb1 34. Ke3 Kf7 35. Kf4 Ke6 36. Re3+ Kd6 37. Re2 Rd1 38. Ke3 g6 39. Rd2 Re1+ 40. Kf2 Rc1 41. Ke3 Rc4 42. Rd3 Rxb4 43. b3 c5 44. dxc5+ Kxc5 45. Rc3+ Kd6 46. Rd3 1/2-1/2